| 000 | 01225pam a2200337 a 4500 | ||
|---|---|---|---|
| 001 | 2848 | ||
| 003 | BD-RjUL | ||
| 005 | 20211208233629.0 | ||
| 008 | 131217t19891989coua b 001 0 eng | ||
| 020 | _a1555871488 (alk. paper) : | ||
| 035 | _a(BD-RjUL)2875 | ||
| 040 |
_aDLC _cDLC _dBOS _dBD-RjUL _beng |
||
| 041 | _aeng | ||
| 082 |
_216 _a337 _bMAR 1989 |
||
| 245 | 0 | 0 |
_aMarkets, politics, and change in the global political economy / _cedited by William P. Avery & David P. Rapkin. |
| 260 |
_aBoulder : _bL. Rienner, _cc1989. |
||
| 300 |
_aV-4 (xii, 227 p.) : _bill. ; _c24 cm. |
||
| 504 | _aIncludes bibliographical references and index. | ||
| 650 | 0 |
_aDebts, External _zDeveloping countries. _97948 |
|
| 650 | 0 |
_aCapitalism _zDeveloping countries. _99136 |
|
| 650 | 0 |
_aInvestments, Foreign _zDeveloping countries. _99137 |
|
| 650 | 0 |
_aInternational finance. _9461 |
|
| 651 | 0 |
_aDeveloping countries _xEconomic conditions. _99138 |
|
| 651 | 0 |
_aDeveloping countries _xPolitics and government. _96865 |
|
| 700 | 1 |
_aAvery, William P. _99139 |
|
| 700 | 1 |
_aRapkin, David P. _99140 |
|
| 942 |
_2ddc _cBK |
||
| 999 |
_c2848 _d2848 |
||